Mãi đừng xa tôi

Tallennettuna:
Bibliografiset tiedot
Päätekijä: Kazuo Ishguro (Tác giả)
Muut tekijät: Trần Tiễn Cao Đăng (Dịch)
Aineistotyyppi: Kirja
Kieli:Vietnamese
Julkaistu: H. Nxb Văn học 2008
Aiheet:
Tagit: Lisää tagi
Ei tageja, Lisää ensimmäinen tagi!
Thư viện lưu trữ: Mạng thư viện Đại học Đà Nẵng
LEADER 01158nam a2200349 4500
001 000005079
003 1222
005 20120509080515.0
008 110809s2008 viesd
020 |c 60000đ 
041 0 |a vie 
082 |a 823  |b KA-I 
100 0 |a Kazuo Ishguro  |e Tác giả 
245 0 |a Mãi đừng xa tôi  |c Kazuo Ishguro tác giả; Trần Tiễn Cao Đăng dịch 
260 |a H.  |b Nxb Văn học  |c 2008 
300 |a 434tr  |c 20cm 
500 |a Dịch từ nguyên bản tiếng Anh: Never let me go 
653 |a Văn học hiện đại 
653 |a Văn học Anh 
653 |a Tiểu thuyết 
700 |a Trần Tiễn Cao Đăng  |e Dịch 
910 |a Ngô Văn Đường 
OWN |a LSP 
AVA |a UDN50  |b LSP  |d 823 KA-I  |e available  |t Error 5001 Not defined in file expand_doc_bib_avail.  |f 3  |g 0  |h N  |i 0  |k 1 
999 |a From the UDN01 
AVA |a UDN50  |b LSP  |d 823 KA-I  |e available  |t Error 5001 Not defined in file expand_doc_bib_avail.  |f 3  |g 0  |h N  |i 0  |k 1 
TYP |a Monograph 
TYP |a Printed language 
980 |a Mạng thư viện Đại học Đà Nẵng